Регионална библиотека "Любен Каравелов" - Русе

Eat well, stay well (Запис номер 470362)

MARC детайли
000 -Лидер
Контролно поле с фиксирана дължина 01684cam a2200289 a 4500
003 - Код на организацията, давaща контролен номер
Контролно поле BLK
005 - Дата и час на последна редакция
Контролно поле 20250104140631.0
008 - Елементи от данни с фиксирана дължина
fixed length control field 080708s2008 oru b 000 0 eng
020 ## - Международен стандартен номер на книга ISBN
Международен стандартен номер на книга ISBN 9781859063712
040 ## - Източник на каталожния запис
Transcribing agency BLK
Идентификатор на билиотеката - собственик на записа BLK
041 ## - Код за език
Код за езика на текст/звукозапис или на отделно заглавие Английски
Код за езика КДБФ Английски
080 ## - УДК
Текстов определител УДК Хигиена на храненето. Режим на храненето. Вж и 612.39 ; 614.3 ; 615.874 ; 641
УДК код - определител по УДК 613.2
УДК - код + определител 613.2
080 ## - УДК
Текстов определител УДК Диетотерапия. Усилено и органично хранене, диети, богати на тлъстини, на минерали и др.
УДК код - определител по УДК 615.874
УДК - код + определител 615.874
100 ## - Редна дума - Автор
Автор Brewer, Sarah
R(LIN) 479319
Авторска отговорност първи автор
139 ## - Редно поле
Редна дума Brewer, Sarah
Авторски знак Bre - B 85
245 14 - Сведения за заглавието
Заглавие Eat well, stay well
Подзаглавни данни What to eat to beat common ailments
Редно поле (дума) Sarah Brewer
260 ## - Област на издателските данни
Място на издаване, разпространение и проч. London
Име на издателя, разпространителя и проч. Connections Book Publishing
Година на издаване 2013
9 (RLIN) 479317
300 ## - Физическа характеристика
Страници 176 p.
Илюстрации и др. ill.
Размери/Мащаб 22 cm
380 ## - Жанр
Жанр Медицина
500 ## - Общи забележки
Забележка With tasty recipes to try, plus advice on key superfoods offering all-round health benefits, this book shows you how to eat your way to staying healthy and happy as you age. In Eat Well Stay Well, Dr Sarah Brewer reveals the nutritional secrets to staying healthy through what you eat. Whether you want to alleviate specific ailments or simply find out how to improve your diet and keep ill health at bay, Dr Brewer has the answer.
650 #7 - Допълнително описание по предмет – тема
Основно описание – тема или топоним Здраве
9 (RLIN) 155895
650 #0 - Допълнително описание по предмет – тема
Основно описание – тема или топоним Отслабване [тегло] - методи - наръчници и ръководства
9 (RLIN) 271300
650 #7 - Допълнително описание по предмет – тема
Основно описание – тема или топоним Диетична храна - рецепти
9 (RLIN) 153394
852 ## - Местоположение
Фондова буква Заемна - подръчен фонд
Систематично-азбучна сигнатура 613.2/B 85
999 ## - СИСТЕМНИ КОНТРОЛНИ НОМЕРА
Koha biblionumber 470362
Koha biblioitemnumber 470362
942 ## - АРТИКУЛИ
Вид на библиотечния материал Книги
Скрит в OPAC Не
Периодичен библиозапис Да
Koha issues (borrowed), all copies 2
944 ## - СЪЗДАВАНЕ И РЕДАКЦИЯ на ЗАПИСА
Създаване/Редакция Създаване
Дата на регистрацията/редакция 2022-08-15
Служител, извършил регистрацията/редакцията 30576
Статус, дата на статуса Цветомила Тодорова
Наличности
Код за отписване Код за изгубен артикул Източник на класификационната схема Код за повреда Коз за рестрикции Код за отдаване Артикулен № Име на библиотеката - собственик Име на библиотеката, в която се намира в момента Статус (Текущо местоположение) Дата на вписване в системата Местоположение - отдел Цена в лева Систематично азбучна сигнатура Баркод Цена в евро Служебен тип на артикула
  Не е изгубен Universal Decimal Classification Не е повреден без рестрикции заемане за дома 900134 Регионална библиотека "Любен Каравелов" Русе Регионална библиотека "Любен Каравелов" Русе Заемна - подръчен фонд 2022-08-15 Заемна - подръчен фонд 10.00 613.2/B 85 S 120000874139 5.11 Книги
Vip Innovations Ltd, Rousse, Bulgaria 2025